FIFA World Cup Final Stadiums - Statistics

General Stats
  • This quiz has been taken 138 times
  • The average score is 43 of 69
Answer Stats
Hint Answer % Correct
2018 Moscow
83%
2022 (upcoming) Qatar
83%
1950 Brazil
82%
2014 Brazil
82%
1970 Mexico
82%
1986 Mexico
82%
1970 Mexico City
82%
1986 Mexico City
82%
1938 Paris
82%
1950 Rio de Janeiro
82%
2014 Rio de Janeiro
82%
2006 Germany
81%
2018 Russia
81%
1930 Uruguay
81%
2006 Berlin
80%
1938 France
80%
1998 France
80%
2002 Japan
80%
1934 Italy
79%
1990 Italy
79%
2010 South Africa
79%
1994 United States of America
79%
2026 (upcoming) United States of America
79%
1950 Estadio do Maracana
77%
2014 Estadio do Maracana
77%
1930 Montevideo
77%
1934 Rome
77%
1990 Rome
77%
1982 Spain
77%
1978 Argentina
76%
1966 England
76%
1966 Wembley Stadium
74%
1954 Bern
73%
1978 Buenos Aires
73%
2010 Johannesburg
73%
1958 Sweden
73%
1966 London
72%
1982 Madrid
72%
1954 Switzerland
71%
1962 Chile
66%
1962 Santiago
66%
1970 Estadio Azteca
64%
1986 Estadio Azteca
64%
1974 Munich
64%
1990 Stadio Olimpico
63%
1974 West Germany
62%
1998 Stade de France
61%
1974 Olympiastadion
60%
2006 Oympiastadion
60%
1982 Santiago Bernabeu
59%
2022 (upcoming) Lusail
52%
2002 Yokohama
52%
2018 Luzhniki Stadium
51%
1998 Saint-Denis
50%
1994 Pasadena
46%
1994 Rose Bowl
38%
1930 Estadio Centenario
35%
1978 Estadio Monumental
35%
2026 (upcoming) MetLife Stadium
31%
2010 Soccer City
31%
1958 Solna
29%
2026 (upcoming) East Rutherford
20%
1958 Rasunda Stadium
16%
1962 Estadio Nacional
15%
1954 Wankdorf Stadium
15%
1938 Stade Olympique de Colombes
10%
2002 International Stadium / Nissan Stadium
9%
2022 (upcoming) Lusail Iconic Stadium
7%
1934 Stadio Nazionale PNF
5%
No matching quizzes found
Score Distribution
Percent of People with Each Score
Percentile by Number Answered
Your Score History
You have not taken this quiz